Home to Medicine Mountain / written by Chiori ... Read More
Available copies
- 1 of 1 copy available at LARL/NWRL Consortium.
- 1 of 1 copy available at Lake Agassiz Regional Library. (Show preferred library)
Current holds
0 current holds with 1 total copy.
Show All Copies
| Location | Call Number / Copy Notes | Barcode | Shelving Location | Status | Due Date |
|---|---|---|---|---|---|
| Moorhead Public Library | J SAN (Text) | 33500012762068 | Main | Available | - |
Record details
- ISBN: 0892391553
- ISBN: 9780892391554
- ISBN: 0892391766
- ISBN: 9780892391769
- Physical Description: 30 pages : color illustrations, color map ; 22 x ... Read More
- Edition: First edition.
- Publisher: San Francisco, Calif. : Children's Book Press, [1998].
- Manufacturer: China : Jade Productions, 2013.
Content descriptions
| General Note: | MN American Indian literature. |
| Summary, etc.: | Two young Maidu Indian brothers sent to live at a ... Read More |
| Awards Note: | ALA Notable Children's Book, 1999. American Book Award, 1999 |
Search for related items by subject
| Genre: | Picture books. Fiction. Juvenile works. Picture books. |
| LDR | 03090cam a2200685 i 4500 | ||
|---|---|---|---|
| 001 | 295197 | ||
| 003 | LARL_NWRL_CONSORTIUM | ||
| 005 | 20180815125931.0 | ||
| 008 | 971224t20131998cauab c 000 1 eng | ||
| 010 | . | ‡a 97052987 | |
| 040 | . | ‡aDLC ‡beng ‡erda ‡cDLC ‡dSPU ‡dC#P ‡dOCL ‡dBAKER ‡dBTCTA ‡dYDXCP ‡dFSM ‡dBDX ‡dCTN ‡dOCLCO ‡dMUO ‡dOCLCF ‡dOCLCQ ‡dNAM ‡dOCL ‡dOCLCO ‡dZP2 ‡dNYP ‡dBTS ‡dOCL ‡dOCLCO ‡dMNS ‡dOCLCQ | |
| 019 | . | ‡a55978997 ‡a970989658 ‡a974439477 | |
| 020 | . | ‡a0892391553 ‡q(hardcover) | |
| 020 | . | ‡a9780892391554 ‡q(hardcover) | |
| 020 | . | ‡a0892391766 ‡q(pbk.) | |
| 020 | . | ‡a9780892391769 ‡q(pbk.) | |
| 035 | . | ‡a(OCoLC)38249927 ‡z(OCoLC)55978997 ‡z(OCoLC)970989658 ‡z(OCoLC)974439477 | |
| 042 | . | ‡alcac | |
| 043 | . | ‡an-us-ca | |
| 082 | 0 | 4. | ‡a[Fic] ‡221 |
| 100 | 1 | . | ‡aSantiago, Chiori, ‡eauthor. |
| 245 | 1 | 0. | ‡aHome to Medicine Mountain / ‡cwritten by Chiori Santiago ; illustrated by Judith Lowry. |
| 250 | . | ‡aFirst edition. | |
| 264 | 1. | ‡aSan Francisco, Calif. : ‡bChildren's Book Press, ‡c[1998]. | |
| 264 | 3. | ‡aChina : ‡bJade Productions, ‡c2013. | |
| 300 | . | ‡a30 pages : ‡bcolor illustrations, color map ; ‡c22 x 26 cm | |
| 336 | . | ‡atext ‡btxt ‡2rdacontent | |
| 337 | . | ‡aunmediated ‡bn ‡2rdamedia | |
| 338 | . | ‡avolume ‡bnc ‡2rdacarrier | |
| 500 | . | ‡aMN American Indian literature. | |
| 520 | . | ‡aTwo young Maidu Indian brothers sent to live at a government-run Indian residential school in California in the 1930s find a way to escape and return home for the summer. | |
| 586 | . | ‡aALA Notable Children's Book, 1999. | |
| 586 | . | ‡aAmerican Book Award, 1999 | |
| 650 | 0. | ‡aMaidu Indians ‡vJuvenile fiction. | |
| 650 | 0. | ‡aBoarding schools ‡vJuvenile fiction. ‡0(LARL_NWRL_CONSORTIUM)170954 | |
| 650 | 0. | ‡aIndians of North America ‡zCalifornia ‡vJuvenile fiction. | |
| 650 | 1. | ‡aMaidu Indians ‡vFiction. | |
| 650 | 1. | ‡aBoarding schools ‡vFiction. ‡0(LARL_NWRL_CONSORTIUM)163727 | |
| 650 | 1. | ‡aIndians of North America ‡zCalifornia ‡vFiction. | |
| 650 | 7. | ‡aBoarding schools. ‡2fast ‡0(LARL_NWRL_CONSORTIUM)15176 | |
| 650 | 7. | ‡aIndians of North America. ‡2fast ‡0(LARL_NWRL_CONSORTIUM)22887 | |
| 650 | 7. | ‡aMaidu Indians. ‡2fast ‡0(LARL_NWRL_CONSORTIUM)24965 | |
| 651 | 7. | ‡aCalifornia. ‡2fast ‡0(LARL_NWRL_CONSORTIUM)56370 | |
| 655 | 7. | ‡aPicture books. ‡2fast | |
| 655 | 7. | ‡aFiction. ‡2fast | |
| 655 | 7. | ‡aJuvenile works. ‡2fast | |
| 655 | 7. | ‡aPicture books. ‡2lcgft | |
| 700 | 1 | . | ‡aLowry, Judith, ‡d1948- ‡eillustrator. |
| 776 | 0 | 8. | ‡iOnline version: ‡aSantiago, Chiori. ‡tHome to Medicine Mountain. ‡dSan Francisco, Calif. : Children's Book Press, ©1998 ‡w(OCoLC)607126558 |
| 901 | . | ‡a295197 ‡b ‡c295197 ‡tbiblio | |

Add to basket
Permalink
Disable Highlighting